Judicial Service Examinations: (Record no. 189442)

MARC details
000 -LEADER
fixed length control field 00872nam a22002057a 4500
005 - DATE AND TIME OF LATEST TRANSACTION
control field 20220701113152.0
010 ## - LCCN (DPL NO)
LC control number B-744795 RP Aruna Nagar
020 ## - INTERNATIONAL STANDARD BOOK NUMBER
Terms of availability 1295.00
International Standard Book Number 9789393850898
035 ## - SYSTEM CONTROL NUMBER
System control number B-744795
037 ## - SOURCE OF ACQUISITION
Source of stock number/acquisition Pansy Books
082 ## - DEWEY DECIMAL CLASSIFICATION NUMBER
Classification number 000
100 ## - MAIN ENTRY--PERSONAL NAME
Personal name Jain, Anshul
245 ## - TITLE STATEMENT
Title Judicial Service Examinations:
Remainder of title Solved Multiple Choice Questions with Exhaustive Explanations and Case Laws /
Statement of responsibility, etc Anshul Jain
250 ## - EDITION STATEMENT
Edition statement 2nd ed.
260 ## - PUBLICATION, DISTRIBUTION, ETC. (IMPRINT)
Place of publication, distribution, etc Delhi
Name of publisher, distributor, etc Law & Justice Publishing CO
Date of publication, distribution, etc 2022
270 ## - ADDRESS
Address A-58, GT Karnal Road Industrial Area
City Delhi
Postal code 110033
Telephone number 01147082254
Electronic mail address sales@ubtlawbooks.com
300 ## - PHYSICAL DESCRIPTION
Extent v,1172p.
Dimensions 24cm(pbk)
942 ## - ADDED ENTRY ELEMENTS (KOHA)
Source of classification or shelving scheme Dewey Decimal Classification
Item type English Books
Call number suffix JAI
Classification part 000
Holdings
Withdrawn status Lost status Materials specified (bound volume or other part) Not for loan Collection code Home library Current library Date acquired Source of acquisition Cost, normal purchase price Full call number Barcode Copy number Cost, replacement price Koha item type
    RP Books   Non-fiction RC3 Aruna Nagar RC3 Aruna Nagar 01/07/2022 Pansy Books/108/27.06.22/89/20.06.22/28.06.22 1295.00 000 JAI B-744795 1 1295.00 English Books

© Delhi Public Library
Hit Counter
free hit counter